| 000 | 01000nabaa22002057a 4500 | ||
|---|---|---|---|
| 999 |
_c6313 _d6313 |
||
| 003 | OSt | ||
| 005 | 20260130185846.0 | ||
| 008 | 190701b xxu||||| |||| 00| 0 spa d | ||
| 040 | _cPJ | ||
| 100 |
_96978 _aDel Rosso, Sergio E. |
||
| 245 | 1 | 3 |
_aEl ritualismo inútil : _ben atención a las modificaciones introducidas por la ley 27.742 al régimen de procedimientos administrativos / _cSergio E. Del Rosso. |
| 300 | _ap. 42-50 | ||
| 500 | _aCita: TR LALEY AR/DOC/2044/2025 | ||
| 505 | _aSumario: I. Introducción.— II. El ritualismo inútil.— III. ¿Cómo se acredita el ritualismo inútil?— IV. Conclusiones finales.— V. Bibliografía. | ||
| 505 | _t¿Te interesa el texto completo? Comunicate al correo: koha@justierradelfuego.gov.ar | ||
| 650 | 0 |
_9211 _aDERECHO ADMINISTRATIVO |
|
| 650 | 0 |
_91135 _aPROCEDIMIENTO ADMINISTRATIVO |
|
| 773 | 0 |
_02842 _93251 _dBuenos Aires : AbeledoPerrot, 2012- _oDA121 _tDerecho administrativo. Nº 161 septiembre/octubre 2025 _z18510590 |
|
| 942 |
_2udc _cANA |
||